000 00584nam a2200229Ia 4500
003 OSt
005 20220918191106.0
006 a|||||r|||| 00| 0
007 ta
008 220917b |||||||| |||| 00| 0 eng d
024 _a61,417
037 _cTextual
040 _aARTS
_cARTS
_beng
041 _2eng
_aeng
082 _aQ6:21x, L9
245 0 _aGreat Bible truth
_b today's English version
260 _amadras
_bIndai Bible League
_c1979
300 _axvi,352p.
_ccm.
650 _aRELIGION
942 _hQ6:21x, L9
_cTEXL
_2CC
999 _c188269
_d188269